Η βίβλος της Turbo C
Αποθηκεύτηκε σε:
| Κύριος συγγραφέας: | |
|---|---|
| Συγγραφή απο Οργανισμό/Αρχή: | |
| Άλλοι συγγραφείς: | , |
| Μορφή: | Βιβλίο |
| Γλώσσα: | Greek English |
| Δημοσίευση: |
Αθήνα :
Γκιούρδας,
1994.
|
| Θέματα: | |
| Ετικέτες: |
Προσθήκη ετικέτας
Δεν υπάρχουν, Καταχωρήστε ετικέτα πρώτοι!
|
MARC
| LEADER | 00000cam a2200000 i 4500 | ||
|---|---|---|---|
| 001 | 1/52266 | ||
| 008 | 941103s1990 gr | ||| |||| ||gre|| | ||
| 035 | |a 1994 |c ΠΑΝΑΓΙΩΤΟΠΟΥΛΟΣ |l 10044377 | ||
| 040 | |a GR-MyUA |b gre |e AACR2 | ||
| 041 | 1 | |a gre |h eng | |
| 082 | 7 | |a 005.133 |2 (22) | |
| 100 | 1 | |a Barkakati, Nabajyoti, |d 1956- | |
| 245 | 1 | 2 | |a Η βίβλος της Turbo C / |c Nabajyoti Barkakati ; μετάφραση Γεώργιος Δράκος, Αθηνά Γράσσου. |
| 260 | |a Αθήνα : |b Γκιούρδας, |c 1994. | ||
| 300 | |a 919 σ. ; |c 24 εκ. | ||
| 500 | |a Μετάφραση της 1ης Αμερικανικής εκδοσης 1989. | ||
| 500 | |a Τίτλος πρωτοτύπου: The Waite Group's Turbo C bible. | ||
| 500 | |a Περιλαμβάνει ευρετήριο. | ||
| 630 | 0 | 0 | |a Turbo C (Computer file) |
| 650 | 0 | |a C (Computer program language) | |
| 700 | 1 | |a Δράκος, Γεώργιος, |e trl | |
| 700 | 1 | |a Γράσσου, Αθηνά, |e trlf | |
| 710 | 2 | |a Waite Group. | |
| 852 | |a INST |b SAMOS |e 19941212 |h 005.133 BAR |p 005300004215 |q 005300004215 |t BK |y 12 | ||
| 852 | |a INST |b SAMOS |e 19941103 |h 005.133 BAR |p 005300010203 |q 005300010203 |t BK |y 0 | ||